• 首页
  • 本馆介绍
  • 公告通知
  • 最新文献
  • 馆藏检索
  • 电子资源
  • 读者导购
  • 参考咨询
  • 我的图书馆
  • 登录
  • 详细信息显示
  • 放入我的书架
  • 预约/预借图书
  • 作者相关作品
  • 分类相关作品
  • 丛书相关作品
  • 出版社相关作品

书目信息

  • 表格格式
  • 工作单格式
  • 卡片格式
题名:
论工农联盟
    
 
作者: 列宁 著
分册:  
出版信息: 莫斯科   外国文书籍出版局  1956
页数: 606页
开本: 22cm
丛书名:
单 册:
中图分类: A219
科图分类:
主题词: 列宁著作-工农联盟 , 工农联盟-列宁著作
电子资源:
ISBN:
000 00768nam0 2200241 450
001 0199361991
005 20100713021504.0
010    @b精装@dCNY0
100    @a19961012d1956 em y0chiy0110 ea
101 1  @achi@crus
102    @aRU
105    @ay z 000yy
106    @ar
200 1  @a论工农联盟@9Lun Gong Nong Lian Meng;Ming @f(苏)列宁著
210    @a莫斯科@c外国文书籍出版局@d1956
215    @a606页@d22cm
300    @a据苏共中央附设马克思恩格斯列宁斯大林学院编的文集俄文版《国立政治书籍出版局一九五四年版》译出
606 0  @a列宁著作-工农联盟
606 0  @a工农联盟-列宁著作
690    @aA219@v3
701  1 @c(苏)@a列宁@9lie ning@c(Ленин, Владимир Ильич@f1870~1924)@4著
801  0 @aCN@b91MARC@c20130904
905    @aBZT@dA219@e1@f1@sA219/1
    
    论工农联盟/(苏)列宁著.-莫斯科:外国文书籍出版局,1956
    606页;22cm
    据苏共中央附设马克思恩格斯列宁斯大林学院编的文集俄文版《国立政治书籍出版局一九五四年版》译出
    
    ISBN (精装):CNY0
    
●
相关链接 在五车中查询图书 在当当中查询图书 在豆瓣中查询图书


正题名:论工农联盟     索取号:A219/1         预约/预借

序号 登录号 条形码 馆藏地/架位号 状态 备注
1 2000136918   2000136918   旧书回溯/ [索取号:A219/1] 在馆    
山东省滨州职业学院图书馆 欢迎您!
大连网信软件有限公司© 版权所有